An Angel for Christmas/. (Record no. 116437)
[ view plain ]
| 000 -LEADER | |
|---|---|
| fixed length control field | 00308nam a2200121 a 4500 |
| 005 - DATE AND TIME OF LATEST TRANSACTION | |
| control field | 20140513081054.0 |
| 008 - FIXED-LENGTH DATA ELEMENTS--GENERAL INFORMATION | |
| fixed length control field | 090905s19uu xx 00 eng d |
| 050 ## - LIBRARY OF CONGRESS CALL NUMBER | |
| Classification number | VCD |
| Item number | An532 2002 |
| 245 ## - TITLE STATEMENT | |
| Title | An Angel for Christmas/. |
| 260 ## - PUBLICATION, DISTRIBUTION, ETC. (IMPRINT) | |
| Name of publisher, distributor, etc | Goodtimes, |
| Date of publication, distribution, etc | 2002. |
| 500 ## - GENERAL NOTE | |
| General note | Approximately 45 minutes |
| Withdrawn status | Lost status | Damaged status | Home library | Current library | Shelving location | Date acquired | Source of acquisition | Total Checkouts | Full call number | Barcode | Date last seen | Price effective from | Koha item type |
|---|---|---|---|---|---|---|---|---|---|---|---|---|---|
| Elizalde Library | Elizalde Library | Audio Visual Material Section | 09/05/2009 | VCD An532 2002 | E469 | 05/13/2014 | 05/13/2014 | Audio Visual Materials |